ბათუმის შოთა რუსთაველის სახელმწიფო უნივერსიტეტის ბიბლიოთეკა

ზუბალაშვილები ეროვნული მრეწველობისა და მეცენატობის სათავეებთან (ბიბ.ჩანაწერი № 34698)

000 -LEADER
fixed length control field 00873nam a2200217Ia 4500
001 - CONTROL NUMBER
control field 484
003 - CONTROL NUMBER IDENTIFIER
control field GE_BSU
008 - FIXED-LENGTH DATA ELEMENTS--GENERAL INFORMATION
fixed length control field 181216s||||||||xx |||||||||||||| ||und||
020 ## - INTERNATIONAL STANDARD BOOK NUMBER
International Standard Book Number 9789941172748
040 ## - CATALOGING SOURCE
Transcribing agency GE_BSU
080 ## - UNIVERSAL DECIMAL CLASSIFICATION NUMBER
Universal Decimal Classification number 929.52(479.22)+364.054.(479.22
100 ## - MAIN ENTRY--PERSONAL NAME
Personal name ფეიქრიშვილი,ჟუჟუნა
245 ## - TITLE STATEMENT
Title ზუბალაშვილები ეროვნული მრეწველობისა და მეცენატობის სათავეებთან
260 ## - PUBLICATION, DISTRIBUTION, ETC.
Place of publication, distribution, etc. თბილისი
260 ## - PUBLICATION, DISTRIBUTION, ETC.
Name of publisher, distributor, etc. უნივერსალი
260 ## - PUBLICATION, DISTRIBUTION, ETC.
Date of publication, distribution, etc. 2011
300 ## - PHYSICAL DESCRIPTION
Extent 340გვ.
653 ## - INDEX TERM--UNCONTROLLED
Uncontrolled term ზუბალაშვილები ეროვნული მრეწველობისა და მეცენატობის სათავეებთან
942 ## - ADDED ENTRY ELEMENTS (KOHA)
Koha item type წიგნი
ეგზემპლარები
Withdrawn status Lost status Damaged status Not for loan Date acquired Barcode Date last seen Price effective from Koha item type Public note
        2018-12-17 879 2018-12-17 2018-12-17 წიგნი დარბაზი
        2018-12-17 880 2018-12-17 2018-12-17 წიგნი დარბაზი